000 00782cam a2200277 4500
001 4075827
003 OSt
005 20140310182257.0
008 701019s1970 mau j 000 1 eng
010 _a 71098513
020 _a0440979757
040 _aDLC
_cDLC
_dDLC
042 _alcac
050 0 0 _aPZ 7
_b.Od237 1970
082 0 0 _aFIC
_bOd2s 1970
100 1 _aO'Dell, Scott,
_d1898-1989.
_920408
245 1 0 _aSing down the moon /
_cScott O'dell.
260 _aBoston :
_bHoughton Mifflin,
_cc1970.
300 _a137 p. :
_c18 cm.
350 _a3.75
650 1 _aNavajo Indians
_xFiction.
_920409
650 1 _aIndians of North America
_zSouthwest, New
_xFiction.
_920410
906 _a7
_bcbc
_corignew
_d2
_encip
_f19
_gy-gencatlg
942 _2lcc
_cBK-FIC
999 _c11495
_d11495